The culture and use of brine shrimp, artemia salina, as food for hatchery-raised larval prawns, shrimps and fish in Southeast asia

Αποθηκεύτηκε σε:
Λεπτομέρειες βιβλιογραφικής εγγραφής
Κύριος συγγραφέας: Sorgeloos, Patrick
Μορφή: Βιβλίο
Γλώσσα:Undetermined
Έκδοση: Chachoengsao, Thailand FAO 1978
Θέματα:
Ετικέτες: Προσθήκη ετικέτας
Δεν υπάρχουν, Καταχωρήστε ετικέτα πρώτοι!
Thư viện lưu trữ: Trung tâm Học liệu Trường Đại học Cần Thơ
LEADER 00606nam a2200193Ia 4500
001 CTU_150010
008 210402s9999 xx 000 0 und d
082 |a 595.32 
082 |b S713 
100 |a Sorgeloos, Patrick 
245 4 |a The culture and use of brine shrimp, artemia salina, as food for hatchery-raised larval prawns, shrimps and fish in Southeast asia 
245 0 |c By Patrick Sorgeloos 
260 |a Chachoengsao, Thailand 
260 |b FAO 
260 |c 1978 
650 |a Artemia,Shrimp 
650 |x Research 
904 |i Năm 
980 |a Trung tâm Học liệu Trường Đại học Cần Thơ